LEADER 00796nam a2200229 i 4500 001 000000258839 003 CaOOAMICUS 005 20260130140303.0 008 180613s2015 it u000 u ita u 013 $a237747 020 $a978-88-7357-596-2 040 $aSeMil$bita 245 10$aVol. 2 /$cVirginio Spicacci. 300 $a351 p. +$eerr. corr. 773 0 $aSpicacci, Virginio <1941- >$tGesù, una buona notizia!.$dRoma : AdP, 2015.$kFormazione$g2$w()12292 850 $aSeMil 852 $aSeMil$W1$xVenegono$y1$m2C VII 57$j209185$B209185$CSeMilBibl$Z2$F223140 $81 941 1 $a7 961 $aOmaggio: Delpini mons. Mario 996 $6020$a978-88-7357-596-2$9(OLS)http://semarc/number/284306 996 $6245$aVol. 2$9(OLS)http://semarc/title/54073 LEADER 00991nam a2200205 i 4500 001 000000222728 003 CaOOAMICUS 005 20130924000000.0 008 130924n it u000 u mul u 013 $a201625 040 $aSeMil$bita 245 10$a[Sentenze, motti e proverbi latini brevemente illustrati :$bsupplemento al vocabolario di latino di Campanini-Carboni. Appendice Terza]. 260 $aTorino :$bParavia,$c[191?] 300 $aP. XXVIII-CXIV ;$c23 cm. 650 4$aDizionari.$0(OLS)http://semarc/subject/7843 650 4$aLingua latina - Dizionari, vocabolari, glossari etc.$0(OLS)http://semarc/subject/208 850 $aSeMil 852 $aSeMil$W1$xVenegono$y1$m5D XI 14/13$j173074$B173074$CSeMilBibl$Z2$F183371 $81 996 $6245$a[Sentenze, motti e proverbi latini brevemente illustrati :$bsupplemento al vocabolario di latino di Campanini-Carboni. Appendice Terza]$9(OLS)http://semarc/title/319332 996 $6260$aTorino :$bParavia$9(OLS)http://semarc/publisher/30028